| Record ID | ia:succubus0000john |
| Source | Internet Archive |
| Download MARC XML | https://archive.org/download/succubus0000john/succubus0000john_marc.xml |
| Download MARC binary | https://www.archive.org/download/succubus0000john/succubus0000john_meta.mrc |
LEADER: 00718cam 2200253Ia 4500
001 ocm16781369
003 OCoLC
005 20210122195118.0
008 870929t19801979nyu 000 1 eng d
040 $aBGU$beng$cBGU$dOCLCQ
020 $a0440177162
020 $a9780440177166
035 $a(OCoLC)16781369
050 4 $aPR6060.O344$bS8 1980
100 1 $aJohnson, Kenneth Rayner.
245 14 $aThe succubus /$cKenneth Rayner Johnson.
260 $aNew York :$bDell,$c1980, ©1979.
300 $a303 pages ;$c18 cm
336 $atext$btxt$2rdacontent
337 $aunmediated$bn$2rdamedia
338 $avolume$bnc$2rdacarrier
500 $aDell, 17716.
994 $aZ0$bP4A
948 $hNO HOLDINGS IN P4A - 2 OTHER HOLDINGS